000 00481nam a2200181Ia 4500
005 20250326124150.0
008 250326s9999 xx 000 0 und d
037 _aTextbook
040 _aFMSL
_beng
_cFMSL
041 _aeng
_2eng
084 _aX:51 L2
_qFMSL
100 _aHa M
_9736905
245 0 _aLife-style marketing
_cHa M
260 _aUSA
_bUSA, American Management Assciation
_c1972
300 _a146p
942 _cTB
_hX:51 L2
999 _c1272559
_d1272559